[Event "Torino op 23rd"]
[Site "Torino"]
[Date "2010.11.01"]
[Round "6"]
[White "Mori, Lorenzo"]
[Black "Fassio, Luca"]
[Result "0-1"]
[WhiteElo "1624"]
[BlackElo "2071"]
[PlyCount "152"]
[EventDate "2010.10.29"]
[EventType "swiss"]
[EventRounds "6"]
[EventCountry "ITA"]
[SourceTitle "EXT 2024"]
[Source "ChessBase"]
[SourceDate "2023.10.10"]
[SourceVersion "1"]
[SourceVersionDate "2023.10.10"]
[SourceQuality "1"]

1. c4 g6 2. Nc3 Bg7 3. g3 e5 4. Bg2 Ne7 5. d3 0-0 6. Bd2 d6 7. Qc1 c5 8. Bh6 Nbc6 9. Bxg7 Kxg7 10. e3 Be6 11. Nge2 Qd7 12. 0-0 Bh3 13. Bxh3 Qxh3 14. Nb5 Rad8 15. Nec3 h5 16. Qd1 h4 17. Qf3 Rh8 18. Qg2 Qd7 19. Ne4 f5 20. Ng5 a6 21. Nc3 Rb8 22. Nd5 b5 23. b3 Ng8 24. a4 bxc4 25. bxc4 Rb3 26. Rfb1 Rxd3 27. Rb6 e4 28. Rab1 Nge7 29. Rb7 Rd1+ 30. Rxd1 Qxb7 31. Nc7 Nc8 32. f3 Ne5 33. fxe4 h3 34. Nce6+ Kf6 35. Qf2 Re8 36. exf5 Qg2+ 37. Qxg2 hxg2 38. Nh7+ Ke7 39. Nc7 Rh8 40. Nd5+ Kd8 41. fxg6 Nxg6 42. Ng5 Ne5 43. Kxg2 Kd7 44. Rc1 Kc6 45. e4 Nb6 46. Nxb6 Kxb6 47. Nf3 Nxf3 48. Kxf3 Rxh2 49. g4 Ka5 50. g5 Kxa4 51. Ra1+ Kb4 52. Rxa6 Kxc4 53. Rxd6 Kc3 54. g6 Rh1 55. e5 Rg1 56. Kf4 c4 57. Kf5 Kb4 58. Kf6 c3 59. Rc6 Rg4 60. g7 Rf4+ 61. Ke7 Rg4 62. Kf8 Rf4+ 63. Rf6 Rxf6+ 64. exf6 c2 65. g8Q c1Q 66. Qg4+ Kb5 67. Qd7+ Kb6 68. Ke8 Qg5 69. Qd6+ Kb7 70. f7 Qh5 71. Qb4+ Kc7 72. Qc4+ Kd6 73. Qa6+ Kc7 74. Qa7+ Kc8 75. Qd7+ Kb8 76. Qd6+ Kc8 0-1